<?xml version="1.0" encoding="UTF-8"?>
<record
    xmlns:xsi="http://www.w3.org/2001/XMLSchema-instance"
    xsi:schemaLocation="http://www.loc.gov/MARC21/slim http://www.loc.gov/standards/marcxml/schema/MARC21slim.xsd"
    xmlns="http://www.loc.gov/MARC21/slim">

  <leader>01581nam a22002297a 4500</leader>
  <controlfield tag="003">OSt</controlfield>
  <controlfield tag="005">20210729133800.0</controlfield>
  <controlfield tag="008">200310b        xxu||||| |||| 00| 0 eng d</controlfield>
  <datafield tag="020" ind1=" " ind2=" ">
    <subfield code="a">9780324235968</subfield>
  </datafield>
  <datafield tag="020" ind1=" " ind2=" ">
    <subfield code="a">9780538477123</subfield>
  </datafield>
  <datafield tag="040" ind1=" " ind2=" ">
    <subfield code="c">LC</subfield>
  </datafield>
  <datafield tag="050" ind1=" " ind2=" ">
    <subfield code="a">HG4026.B6693(7e)</subfield>
  </datafield>
  <datafield tag="100" ind1=" " ind2=" ">
    <subfield code="a">Brigham, Eugene F.</subfield>
  </datafield>
  <datafield tag="245" ind1=" " ind2=" ">
    <subfield code="a">Fundamentals of financial management. / </subfield>
    <subfield code="c">Eugene F. Brigham and Joel F. Houston.</subfield>
  </datafield>
  <datafield tag="250" ind1=" " ind2=" ">
    <subfield code="a">7th ed.</subfield>
  </datafield>
  <datafield tag="260" ind1=" " ind2=" ">
    <subfield code="a">Mason :</subfield>
    <subfield code="b">South-Western Cengage Learning,</subfield>
    <subfield code="c">2012.</subfield>
  </datafield>
  <datafield tag="300" ind1=" " ind2=" ">
    <subfield code="a">xxvi, 644 p. :</subfield>
    <subfield code="b">ill. ;</subfield>
    <subfield code="c">29 cm.</subfield>
  </datafield>
  <datafield tag="500" ind1=" " ind2=" ">
    <subfield code="a">Includes appendixes and index.</subfield>
  </datafield>
  <datafield tag="505" ind1=" " ind2=" ">
    <subfield code="a">Content: Part 1: Introduction to financial management:: An overview of financial management -- Financial markets and institutions -- Part 2: Fundamental concepts in financial management: Financial statements, cash flow, and taxes --  Analysis of financial statements -- Time value of money -- Part 3: Financial  assets: Interest rates -- Bonds and their valuation -- Risk and rates of return -- Stocks and their valuation -- Part 4: Investing in long-term assets: capital budgeting: The cost of capital -- The basics of capital budgeting -- Cash flow estimation and risk analysis -- Part 4: Capital structure and dividend policy:  Capital structure and leverage -- Distributions to shareholders: dividends and share repurchases -- Part 6: Working capital management, forecasting, and multinational financial management: Working capital management -- Financial planning and forecasting -- Multinational financial management.      </subfield>
  </datafield>
  <datafield tag="700" ind1=" " ind2=" ">
    <subfield code="a">Houston, Joel F.</subfield>
  </datafield>
  <datafield tag="942" ind1=" " ind2=" ">
    <subfield code="2">lcc</subfield>
    <subfield code="c">BK</subfield>
  </datafield>
  <datafield tag="999" ind1=" " ind2=" ">
    <subfield code="c">7143</subfield>
    <subfield code="d">14643</subfield>
  </datafield>
  <datafield tag="952" ind1=" " ind2=" ">
    <subfield code="0">0</subfield>
    <subfield code="1">0</subfield>
    <subfield code="2">lcc</subfield>
    <subfield code="4">0</subfield>
    <subfield code="7">0</subfield>
    <subfield code="a">WIUC-1</subfield>
    <subfield code="b">WIUC-1</subfield>
    <subfield code="c">REF</subfield>
    <subfield code="d">2020-03-10</subfield>
    <subfield code="l">0</subfield>
    <subfield code="o">HG4026.B6693(7e)</subfield>
    <subfield code="p">8620/072/20</subfield>
    <subfield code="r">2020-03-10 00:00:00</subfield>
    <subfield code="t">1</subfield>
    <subfield code="w">2020-03-10</subfield>
    <subfield code="y">BK</subfield>
  </datafield>
  <datafield tag="952" ind1=" " ind2=" ">
    <subfield code="0">0</subfield>
    <subfield code="1">0</subfield>
    <subfield code="2">lcc</subfield>
    <subfield code="4">0</subfield>
    <subfield code="7">0</subfield>
    <subfield code="a">WIUC-1</subfield>
    <subfield code="b">WIUC-1</subfield>
    <subfield code="c">GEN</subfield>
    <subfield code="d">2019-11-01</subfield>
    <subfield code="l">0</subfield>
    <subfield code="o">HG4026.B66(7e)</subfield>
    <subfield code="p">K/1137/1137/19</subfield>
    <subfield code="r">2021-07-29 00:00:00</subfield>
    <subfield code="t">1</subfield>
    <subfield code="w">2021-07-29</subfield>
    <subfield code="y">BK</subfield>
  </datafield>
  <datafield tag="952" ind1=" " ind2=" ">
    <subfield code="0">0</subfield>
    <subfield code="1">0</subfield>
    <subfield code="2">lcc</subfield>
    <subfield code="4">0</subfield>
    <subfield code="7">0</subfield>
    <subfield code="a">WIUC-1</subfield>
    <subfield code="b">WIUC-1</subfield>
    <subfield code="c">GEN</subfield>
    <subfield code="d">2019-11-01</subfield>
    <subfield code="l">0</subfield>
    <subfield code="o">HG4026.B661(7e)</subfield>
    <subfield code="p">K/1138/1138/19</subfield>
    <subfield code="r">2021-07-29 00:00:00</subfield>
    <subfield code="t">2</subfield>
    <subfield code="w">2021-07-29</subfield>
    <subfield code="y">BK</subfield>
  </datafield>
  <datafield tag="952" ind1=" " ind2=" ">
    <subfield code="0">0</subfield>
    <subfield code="1">0</subfield>
    <subfield code="2">lcc</subfield>
    <subfield code="4">0</subfield>
    <subfield code="7">0</subfield>
    <subfield code="a">WIUC-1</subfield>
    <subfield code="b">WIUC-1</subfield>
    <subfield code="c">GEN</subfield>
    <subfield code="d">2019-11-01</subfield>
    <subfield code="l">0</subfield>
    <subfield code="o">HG4026.B662(7e)</subfield>
    <subfield code="p">K/1139/1139/19</subfield>
    <subfield code="r">2021-07-29 00:00:00</subfield>
    <subfield code="t">3</subfield>
    <subfield code="w">2021-07-29</subfield>
    <subfield code="y">BK</subfield>
  </datafield>
</record>
